000 00259nam a22001097a 4500
008 240713b |||||||| |||| 00| 0 eng d
100 _aGrami, Z.M.
_916995
245 _aMehran
260 _aNewDelhi;
_bSindhi Samaj Pub.
_c1960.
300 _a262p.
942 _cBK
999 _c40199
_d40199